Seoul Metropolitan Subway Airport Railroad Stations - Statistics

General Stats
  • This quiz has been taken 33 times
  • The average score is 12 of 14
Answer Stats
Station
Number
Station Name Transfer % Correct
A05 Gimpo Int'l Airport Line 5Line 9 Gimpo Goldline Seohae Line
100%
A09 Incheon Int'l Airport Cargo Terminal
100%
A10 Incheon Int'l Airport Terminal 1
100%
A11 Incheon Int'l Airport Terminal 2
100%
A01 Seoul Station Line 1Line 4 Gyeongui-Jungang Line
100%
A03 Hongik Univ. Line 2Gyeongui-Jungang Line
92%
A04 Digital Media City Line 6Gyeongui-Jungang Line
88%
A06 Gyeyang Incheon Metro Line 1
85%
A042 Magongnaru Line 9
81%
A07 Geomam Incheon Metro Line 2
77%
A02 Gongdeok Line 5 Line 6 Gyeongui-Jungang Line
77%
A072 Yeongjong
77%
A08 Unseo
73%
A071 Cheongna Int'l City
69%
No matching quizzes found
Score Distribution
Percent of People with Each Score
Percentile by Number Answered
Your Score History
You have not taken this quiz